000 00690nmm a2200253 a 4500
003 AR-BaBNM
005 20251128203808.0
008 306019s1969 ||||||||||||||000 | spa||
040 _cAR-BaBNM
100 1 _aBauzer Medeiros, Ethel
245 1 0 _aJuegos de recreación
_n3
250 _a3ª ed.
260 _aBuenos Aires
_bRuy Díaz
_c1969
300 0 _a207 p.
_bil.
650 4 _aJUEGOS EDUCATIVOS
650 4 _aJUEGOS INFANTILES
650 4 _aACTIVIDADES DE APRENDIZAJE
650 4 _aRECURSOS EDUCACIONALES
650 4 _aACTIVIDADES DEPORTIVAS
700 1 _aVillafranca, Estrella
_etraductor
700 1 _aFernández, Hilda Lilia
_etraductor
942 _cBK
998 _cCarmen
999 _c4969
_d4969